Gingerbread man [
| Format: | Book |
|---|---|
| Published: |
Loughborough :
Ladybird Video ,
1989
|
| Subjects: |
MARC
| LEADER | 00000cam a2200000 7i4500 | ||
|---|---|---|---|
| 001 | 0000000320 | ||
| 002 | 000000395 | ||
| 005 | 20021014.0 | ||
| 020 | |a 000000395 | ||
| 090 | 0 | 0 | |a JF |b GIN |
| 245 | 0 | 0 | |a Gingerbread man [ |h video recording] |
| 260 | |a Loughborough : |b Ladybird Video , |c 1989 | ||
| 300 | |a 1 Video recording VHS (40 minutes) : |b col.(PAL) | ||
| 500 | |a Library has 1 copy | ||
| 650 | 0 | 0 | |a Cartoon and carricatures |
| 999 | |a PV0194 |b VIDEO |c JUNIOR REFERENCE |e PERPUSTAKAAN KOMUNITI PETALING JAYA | ||